000 00248nam a2200085Ia 4500
245 0 _aCool crime scene basics : securing the scene
100 _a Beck, Esther Edina, MN, 2009
_976379
942 _cBK
008 210818s9999 xx 000 0 und d
999 _c431529
_d431528